Bandiere mal Disegnate #1 - Statistics

Statistiche generali
  • Questo quiz è stato fatto 3.461 volte
  • Il punteggio medio è 13 su 16
Statistiche sulle risposte
con Immagini Risposta % Corretto
Albania
100%
Brasile
97%
Sudafrica
96%
Messico
95%
Norvegia
95%
Malta
93%
Corea del Nord
91%
Angola
85%
Singapore
85%
Uzbekistan
74%
Santa Lucia
72%
Kirghizistan
70%
Capo Verde
69%
Saint Vincent e Grenadine
60%
Namibia
59%
Vanuatu
56%
Nessun quiz corrispondente trovato
Distribuzione punteggi
Percentuale di utenti per punteggio
Percentile per numero di risposta
I tuoi punteggi nel tempo
Non hai fatto questo quiz